Constitución y sociedad en la formación del estado de Querétaro, 1825-1929 /

Estudio sobre la historia constitucional y social del estado de Querétaro en el período 1825-1929. Los autores destacan los elementos decisivos en la formación de dicha entidad, por lo que la historia constitucional de Querétaro es descrita tanto desde el punto de vista estrictamente jurídico, como...

Fuld beskrivelse

Guardado en:
Bibliografiske detaljer
Hovedforfatter: Suárez Muñoz, Manuel (autor)
Andre forfattere: Jiménez Gómez, Juan Ricardo (autor) (autor), Madrid Hurtado, Miguel de la (preliminares) (preliminares), González Avelar, Miguel (prólogo) (prólogo)
Format: Bog
Sprog:spansk
Udgivet: Querétaro, México : México : Gobierno del Estado de Querétaro, Instituto de Estudios Constitucionales ; Fondo de Cultura Económica, 2000, c2000
Serier:(Sección de Obras de Política y Derecho)
Fag:
Tags: Tilføj Tag
Ingen Tags, Vær først til at tagge denne postø!

MARC

LEADER 00000nam^a2200000^a^4500
001 000131604
005 20250521000000.0
009 20260310095030.131
020 |a 968-16-6101-X 
037 |a Acervo ITESO - Biblioteca 
041 |a ESP 
082 |a 972. 45  |b SUA 
100 |a Suárez Muñoz, Manuel  |e (autor) 
245 1 0 |a Constitución y sociedad en la formación del estado de Querétaro, 1825-1929 /  |c M. Suárez Muñoz, J.R. Jiménez Gómez ; presen. de Ignacio Loyola Vera ; prelim. de M. de la Madrid Hurtado ; pról. de M. González Avelar. 
264 4 |a Querétaro, México :  |b Gobierno del Estado de Querétaro, Instituto de Estudios Constitucionales ;  |a México :  |b Fondo de Cultura Económica,  |c 2000, c2000 
300 |a XIX, 670 p. 
336 |a texto  |b txt  |2 rdacontenido 
337 |a sin mediación  |b n  |2 rdamedio 
338 |a volumen  |b nc  |2 rdasoporte 
440 1 |a (Sección de Obras de Política y Derecho) 
520 |a Estudio sobre la historia constitucional y social del estado de Querétaro en el período 1825-1929. Los autores destacan los elementos decisivos en la formación de dicha entidad, por lo que la historia constitucional de Querétaro es descrita tanto desde el punto de vista estrictamente jurídico, como desde la perspectiva de las ideologías difunidas por los textos constitucionales. Finalmente, ubican la historia de Querétaro en el cuadro histórico general de México. 
649 |a XX 
650 |a Derecho Constitucional -  |z Querétaro -  |x Historia 
650 |a Derecho Público -  |z Querétaro -  |x Historia 
650 |a Derecho Constitucional -  |z México -  |x Historia 
650 |a Derecho Público -  |z México -  |x Historia 
650 |a Ideología -  |z Querétaro -  |x Historia 
650 |a Ideología -  |z México -  |x Historia 
650 |a Política -  |z Querétaro -  |x Historia 
650 |a Política -  |z México -  |x Historia 
650 |a Querétaro -  |x Historia Constitucional 
650 |a Querétaro -  |x Historia -  |y Siglo XIX -  |x Tema Principal 
650 |a México -  |x Historia Constitucional 
650 |a México -  |x Historia -  |y Siglo XIX 
700 |a Jiménez Gómez, Juan Ricardo  |e (autor) 
700 |a Madrid Hurtado, Miguel de la  |e (preliminares) 
700 |a González Avelar, Miguel  |e (prólogo) 
910 |a Fondo General 
920 |a Impresos - Libros 
930 |a Colección General 
905 |a 101 
901 |a 0500061273  |b IT1  |c ACC  |u 20250521 
902 |a https://opac.biblio.iteso.mx/vufind/Record/000131604